[Event "Seefeld-Casino op 19th"]
[Site "Seefeld/Tirol (5.9.-13.9)"]
[Date "2008.09.05"]
[Round "1.1"]
[White "Van der Weide, Karel"]
[Black "Moroder, Stefan"]
[Result "1-0"]
[WhiteElo "2415"]
[BlackElo "2003"]
[PlyCount "69"]
[EventDate "2008.09.??"]
[EventType "swiss"]
[EventRounds "9"]
[Source "Ganslmayer"]
[SourceDate "2010.03.14"]
[WhiteTeam "Göggingen SK"]
[BlackTeam "ITA/Gröden SK"]
[BlackTeamCountry "ITA"]

1. e4 c5 2. Nf3 d6 3. d4 cxd4 4. Nxd4 Nf6 5. Nc3 a6 6. Be3 Ng4 7. Bg5 h6 8. Bh4
g5 9. Bg3 Bg7 10. Be2 h5 11. h4 gxh4 12. Bxh4 Nc6 13. Nb3 b5 14. Qd2 Nge5 15.
Qe3 Nc4 16. Qg3 Kf8 17. Bg5 Nxb2 18. Nd5 Nc4 19. Rd1 Ra7 20. Kf1 a5 21. c3 Ba6
22. Nf4 b4 23. Rxh5 Kg8 24. cxb4 axb4 25. Rxh8+ Kxh8 26. Qh4+ Kg8 27. Rd3 N4e5
28. Rh3 Bxe2+ 29. Nxe2 Kf8 30. Qh7 Ng6 31. Nf4 Nxf4 32. Bxf4 Qc8 33. Qh8+ Bxh8
34. Rxh8+ Kg7 35. Rxc8 1-0

[Event "Seefeld-Casino op 19th"]
[Site "Seefeld/Tirol (5.9.-13.9)"]
[Date "2008.09.05"]
[Round "1.3"]
[White "Gatterer, Florian"]
[Black "Schmidt, Juergen(52)"]
[Result "1-0"]
[WhiteElo "2228"]
[BlackElo "1921"]
[PlyCount "54"]
[EventDate "2008.09.??"]
[EventType "swiss"]
[EventRounds "9"]
[Source "Ganslmayer"]
[SourceDate "2010.03.14"]
[WhiteTeam "Böblingen-HP SC"]
[BlackTeam "Berlin-Kreuzberg SC"]

1. c4 e5 2. g3 Nf6 3. Bg2 Bc5 4. Nc3 Nc6 5. a3 a5 6. e3 h5 7. h4 b6 8. Nge2 Rb8
9. d4 exd4 10. exd4 Be7 11. Nf4 Ba6 12. b3 Na7 13. O-O Kf8 14. Re1 c6 15. Qf3
b5 16. c5 d5 17. cxd6 Qxd6 18. Be3 Rb7 19. Ne4 Nxe4 20. Qxe4 Bf6 21. Rac1 Re7
22. Qf3 Bc8 23. Nxh5 Bxd4 24. Bxd4 Qxd4 25. Red1 Qb6 26. Nf4 Rh6 27. Rd2 Rf6
1-0

[Event "Seefeld-Casino op 19th"]
[Site "Seefeld/Tirol (5.9.-13.9)"]
[Date "2008.09.05"]
[Round "1.4"]
[White "Strasser, Josef(64)"]
[Black "Schnitzspan, Lothar"]
[Result "1/2-1/2"]
[WhiteElo "1936"]
[BlackElo "2240"]
[PlyCount "73"]
[EventDate "2008.09.??"]
[EventType "swiss"]
[EventRounds "9"]
[Source "Ganslmayer"]
[SourceDate "2010.03.14"]

1. d4 Nf6 2. Nf3 g6 3. c4 Bg7 4. Nc3 d5 5. e3 O-O 6. Bd3 c5 7. O-O cxd4 8. exd4
Nc6 9. Be3 Nb4 10. Be2 Bf5 11. Rc1 dxc4 12. Bxc4 Rc8 13. Be2 Qa5 14. a3 Nbd5
15. Bd2 Qb6 16. Nxd5 Nxd5 17. Bc4 Rfd8 18. Bxd5 Rxd5 19. Rxc8+ Bxc8 20. Bc3 Bf6
21. Re1 Be6 22. h3 Rh5 23. Ne5 Qb5 24. Qe2 Qb3 25. Qd1 Qb5 26. Qe2 Qd5 27. Qf3
Rg5 28. Qxd5 Bxd5 29. g4 Rxe5 30. dxe5 Bg5 31. Rd1 e6 32. Re1 Kf8 33. Bd4 a6
34. Be3 Bd8 35. Rc1 Bc6 36. g5 Bc7 37. f4 1/2-1/2

[Event "Seefeld-Casino op 19th"]
[Site "Seefeld/Tirol (5.9.-13.9)"]
[Date "2008.09.05"]
[Round "1.5"]
[White "Kesik, Klaus-Dieter"]
[Black "Winter, Bernd(41)"]
[Result "1-0"]
[WhiteElo "2185"]
[BlackElo "1948"]
[PlyCount "65"]
[EventDate "2008.09.??"]
[EventType "swiss"]
[EventRounds "9"]
[Source "Ganslmayer"]
[SourceDate "2010.03.14"]

1. d4 Nf6 2. Bg5 e6 3. Nf3 Be7 4. e3 O-O 5. c4 c5 6. Nc3 cxd4 7. exd4 Qb6 8.
Qb3 Qxb3 9. axb3 Na6 10. Be2 d6 11. O-O Bd7 12. h3 h6 13. Be3 Nb4 14. Rfc1 Rfc8
15. Nd2 Bc6 16. Na2 a5 17. Nxb4 axb4 18. Bd3 Ne8 19. f4 f5 20. d5 Bd7 21. dxe6
Bxe6 22. Nf3 g6 23. Nd4 Bf7 24. Nb5 Ra6 25. Na7 Rxa1 26. Rxa1 Ra8 27. Ra4 d5
28. Nc6 Rxa4 29. Nxe7+ Kf8 30. Nxg6+ Bxg6 31. bxa4 dxc4 32. Bc5+ Kg7 33. Bxc4
1-0

[Event "Seefeld-Casino op 19th"]
[Site "Seefeld/Tirol (5.9.-13.9)"]
[Date "2008.09.05"]
[Round "1.6"]
[White "Stock, Juergen(56)"]
[Black "Ballon, Guenther Jan"]
[Result "1/2-1/2"]
[WhiteElo "1886"]
[BlackElo "1999"]
[PlyCount "81"]
[EventDate "2008.09.??"]
[EventType "swiss"]
[EventRounds "9"]
[Source "Ganslmayer"]
[SourceDate "2010.03.14"]

1. d4 d5 2. c3 Nf6 3. Bg5 Nbd7 4. f4 Ne4 5. Bh4 g6 6. Nf3 Bg7 7. e3 O-O 8. Be2
c6 9. Nbd2 Ndf6 10. Ne5 Nxd2 11. Qxd2 Ne4 12. Qd1 f6 13. Nd3 a5 14. O-O b6 15.
Nf2 Nd6 16. g4 Kh8 17. Bf3 Nc4 18. Qc1 f5 19. gxf5 Bxf5 20. e4 dxe4 21. Nxe4
Bxe4 22. Bxe4 Bxd4+ 23. Kh1 Be3 24. Qd1 Nd2 25. Bxc6 Rc8 26. Bg2 Nxf1 27. Qxf1
Rxf4 28. Qe1 Qd2 29. Qxd2 Bxd2 30. Bg3 g5 31. Bxf4 gxf4 32. Bd5 Kg7 33. Kg2 Kf6
34. Kf3 e6 35. Be4 Rg8 36. Rd1 Be3 37. a4 Ke5 38. Bxh7 Rg5 39. Bc2 Rh5 40. Rh1
Rh4 41. Bd3 1/2-1/2

[Event "Seefeld-Casino op 19th"]
[Site "Seefeld/Tirol (5.9.-13.9)"]
[Date "2008.09.05"]
[Round "1.7"]
[White "Knechtel, Roland"]
[Black "Grosse, Manfred"]
[Result "1-0"]
[WhiteElo "2169"]
[BlackElo "1837"]
[PlyCount "107"]
[EventDate "2008.09.??"]
[EventType "swiss"]
[EventRounds "9"]
[Source "Ganslmayer"]
[SourceDate "2010.03.14"]

1. d4 g6 2. c4 Bg7 3. Nc3 c5 4. e3 Nf6 5. Nf3 O-O 6. Be2 b6 7. O-O d6 8. Re1
Na6 9. a3 Bb7 10. d5 Nc7 11. e4 Ng4 12. Nd2 Nf6 13. f4 a6 14. a4 a5 15. Nf3 Na6
16. e5 Ne8 17. Bf1 Bc8 18. h3 Nb4 19. e6 fxe6 20. dxe6 Bb7 21. Nd5 Nf6 22. Nc3
Qe8 23. Bd3 Nh5 24. Ne2 Rd8 25. Ng5 d5 26. Nf7 dxc4 27. Nxd8 Nxd3 28. Nxb7 Qc6
29. Nxa5 bxa5 30. Rf1 Qe4 31. Qd2 Bd4+ 32. Nxd4 cxd4 33. Qxa5 Ng3 34. Rf3 Ne2+
35. Kh2 Ndxc1 36. Qb4 Qxe6 37. a5 Nd3 38. Qb5 Ndxf4 39. a6 Qd6 40. Qxc4+ e6 41.
Kh1 d3 42. Rd1 Rd8 43. g3 Nh5 44. Rdxd3 Nexg3+ 45. Kg2 Qb8 46. Qxe6+ Kg7 47.
Qe7+ Kh6 48. Qxd8 Qxb2+ 49. Rd2 Qa1 50. Qf8+ Kg5 51. Qc5+ Nf5 52. Rdf2 Nhg7 53.
a7 Kh6 54. Ra3 1-0

[Event "Seefeld-Casino op 19th"]
[Site "Seefeld/Tirol (5.9.-13.9)"]
[Date "2008.09.05"]
[Round "1.8"]
[White "Fischer, Gerd(59)"]
[Black "Platzgummer, Fabian"]
[Result "0-1"]
[WhiteElo "1846"]
[BlackElo "2262"]
[PlyCount "44"]
[EventDate "2008.09.??"]
[EventType "swiss"]
[EventRounds "9"]
[Source "Ganslmayer"]
[SourceDate "2010.03.14"]

1. d4 Nf6 2. Nf3 e6 3. Bf4 b6 4. e3 Bb7 5. Nbd2 Be7 6. Bd3 c5 7. O-O Nc6 8. c3
Nh5 9. Bg3 d6 10. Qe2 Nxg3 11. hxg3 Rb8 12. e4 O-O 13. Rfd1 cxd4 14. Nxd4 Qc8
15. N2f3 Rd8 16. Rd2 Ne5 17. Nxe5 dxe5 18. Nf3 Bf6 19. Rad1 Qc6 20. Nh2 Bg5 21.
f4 exf4 22. Qg4 Qc5+ 0-1

[Event "Seefeld-Casino op 19th"]
[Site "Seefeld/Tirol (5.9.-13.9)"]
[Date "2008.09.05"]
[Round "1.9"]
[White "Quinn, John M."]
[Black "Platzgummer, Peter"]
[Result "1-0"]
[WhiteElo "2150"]
[BlackElo "1960"]
[PlyCount "67"]
[EventDate "2008.09.??"]
[EventType "swiss"]
[EventRounds "9"]
[Source "Ganslmayer"]
[SourceDate "2010.03.14"]
[WhiteTeam "ENG/Ealing"]
[BlackTeam "AUT/Tirol PSV"]
[WhiteTeamCountry "ENG"]
[BlackTeamCountry "AUT"]

1. d4 Nf6 2. c4 e6 3. Nc3 Bb4 4. Qc2 c5 5. dxc5 O-O 6. a3 Bxc5 7. Nf3 b6 8. Bg5
Bb7 9. e3 Be7 10. Be2 Nc6 11. h4 Rc8 12. Rd1 a6 13. Bxf6 Bxf6 14. Ne4 d5 15.
Nxf6+ Qxf6 16. Ng5 Qh6 17. Qb3 dxc4 18. Qxb6 Nd8 19. Rxd8 Rfxd8 20. Qxb7 Qg6
21. O-O h6 22. Nf3 Qc2 23. Nd4 Qa4 24. Bh5 Qd7 25. Qxa6 Rc5 26. Bf3 Rb8 27. Nc6
Rxb2 28. Rd1 Qc7 29. Qa8+ Kh7 30. Qe8 Rb7 31. h5 c3 32. Be4+ Rf5 33. Rd8 Qxd8
34. Qxd8 1-0

[Event "Seefeld-Casino op 19th"]
[Site "Seefeld/Tirol (5.9.-13.9)"]
[Date "2008.09.05"]
[Round "1.10"]
[White "Gerhards, Walter"]
[Black "Herbold, Manfred"]
[Result "0-1"]
[WhiteElo "1849"]
[BlackElo "2115"]
[PlyCount "98"]
[EventDate "2008.09.??"]
[EventType "swiss"]
[EventRounds "9"]
[Source "Ganslmayer"]
[SourceDate "2010.03.14"]
[WhiteTeamCountry "ENG"]
[BlackTeamCountry "AUT"]

1. e4 c5 2. Nf3 a6 3. d4 cxd4 4. Nxd4 Nf6 5. Nc3 e5 6. Nf3 Bb4 7. Bd3 d5 8. Qe2
d4 9. a3 Ba5 10. b4 dxc3 11. bxa5 Qxa5 12. O-O Bg4 13. h3 Bxf3 14. Qxf3 Nbd7
15. Bg5 O-O 16. Qg3 Rfc8 17. Kh1 Qc5 18. f4 exf4 19. Qxf4 Re8 20. Bh4 Re6 21.
Rab1 b5 22. Bf2 Qxa3 23. Bd4 Qe7 24. Bxc3 Nxe4 25. Bb4 Qe8 26. Rbe1 Ndf6 27.
Qh4 g5 28. Qh6 Nd5 29. Bxe4 Rxh6 30. Bxd5 Re6 31. Rd1 Rd8 32. Rf5 h6 33. Rdf1
Qd7 34. c4 bxc4 35. Bxc4 Qd4 36. Ba5 Qxc4 37. Bxd8 Qc8 38. Ba5 Qe8 39. Rd5 Qa4
40. Bc3 Qc6 41. Rd3 Rd6 42. Rdf3 Qd7 43. Kh2 Rd3 44. Be5 Rxf3 45. Rxf3 Qd5 46.
Bb8 f5 47. Re3 f4 48. Re8+ Kf7 49. Rh8 Kg6 0-1

[Event "Seefeld-Casino op 19th"]
[Site "Seefeld/Tirol (5.9.-13.9)"]
[Date "2008.09.05"]
[Round "1.11"]
[White "Goy, Udo"]
[Black "Wiesbeck, Florian"]
[Result "1-0"]
[WhiteElo "2143"]
[BlackElo "1887"]
[PlyCount "31"]
[EventDate "2008.09.??"]
[EventType "swiss"]
[EventRounds "9"]
[Source "Ganslmayer"]
[SourceDate "2010.03.14"]
[WhiteTeam "Niederkassel SG"]
[BlackTeam "AUT/Moosburg SV"]
[BlackTeamCountry "AUT"]

1. d4 d5 2. c4 dxc4 3. Nf3 Nf6 4. e3 e6 5. Bxc4 a6 6. O-O b5 7. Bd3 Bb7 8. a4
b4 9. Nbd2 Nbd7 10. Nb3 c5 11. Re1 Be7 12. e4 cxd4 13. e5 Nd5 14. Nfxd4 Bg5 15.
Nxe6 fxe6 16. Qh5+ 1-0

[Event "Seefeld-Casino op 19th"]
[Site "Seefeld/Tirol (5.9.-13.9)"]
[Date "2008.09.05"]
[Round "1.12"]
[White "Klein, Gereon"]
[Black "Jandke, Manfred"]
[Result "0-1"]
[WhiteElo "1846"]
[BlackElo "2119"]
[PlyCount "42"]
[EventDate "2008.09.??"]
[EventType "swiss"]
[EventRounds "9"]
[Source "Ganslmayer"]
[SourceDate "2010.03.14"]
[BlackTeamCountry "AUT"]

1. Nf3 d5 2. d4 Nf6 3. c4 c6 4. Nc3 e6 5. cxd5 exd5 6. Bg5 Be7 7. Qc2 O-O 8. e3
Re8 9. Bd3 h6 10. Bh4 Na6 11. a3 b5 12. O-O Bd6 13. Bf5 b4 14. Ne2 b3 15. Qxc6
Bxf5 16. Qxa6 Re6 17. Qa4 Rb8 18. Rac1 Bd3 19. Rfe1 g5 20. Bg3 Bxg3 21. Nxg3
Ra6 0-1

[Event "Seefeld-Casino op 19th"]
[Site "Seefeld/Tirol (5.9.-13.9)"]
[Date "2008.09.05"]
[Round "1.13"]
[White "Thoeny, Hermann"]
[Black "Ranker, Klemens"]
[Result "1-0"]
[WhiteElo "1920"]
[BlackElo "1862"]
[PlyCount "87"]
[EventDate "2008.09.??"]
[EventType "swiss"]
[EventRounds "9"]
[Source "Ganslmayer"]
[SourceDate "2010.03.14"]
[BlackTeamCountry "AUT"]

1. d4 Nf6 2. Nf3 g6 3. c4 Bg7 4. Nc3 O-O 5. g3 d6 6. Bg2 c6 7. O-O Na6 8. h3
Nc7 9. Qc2 Bd7 10. e4 Rb8 11. a4 a6 12. a5 Nfe8 13. Rd1 Qc8 14. Kh2 f5 15. e5
Ne6 16. Na4 f4 17. g4 Qc7 18. Nb6 Rd8 19. b4 Bh6 20. Bb2 Ng5 21. Qe2 Nxf3+ 22.
Bxf3 Bg5 23. Rac1 Ng7 24. d5 c5 25. b5 axb5 26. cxb5 Be8 27. Bc3 Bd7 28. Qb2
Ne8 29. Nc4 Ra8 30. Ra1 Bc8 31. Rdb1 Qd8 32. Nb6 Rb8 33. Nc4 Ra8 34. b6 Qd7 35.
a6 Qd8 36. axb7 Bxb7 37. Na5 Qc8 38. Nxb7 Rxa1 39. Rxa1 Qxb7 40. Ra7 Qb8 41.
Ra2 Qb7 42. Qb5 Ng7 43. exd6 exd6 44. Ra7 1-0

[Event "Seefeld-Casino op 19th"]
[Site "Seefeld/Tirol (5.9.-13.9)"]
[Date "2008.09.05"]
[Round "1.14"]
[White "Buchaeckert, Juergen"]
[Black "Vrban, Damir"]
[Result "1/2-1/2"]
[WhiteElo "1873"]
[BlackElo "2207"]
[PlyCount "33"]
[EventDate "2008.09.??"]
[EventType "swiss"]
[EventRounds "9"]
[Source "Ganslmayer"]
[SourceDate "2010.03.14"]
[BlackTeamCountry "AUT"]

1. e4 Nf6 2. e5 Nd5 3. c4 Nb6 4. c5 Nd5 5. Bc4 e6 6. d4 b6 7. cxb6 axb6 8. Ne2
Ba6 9. Bxa6 Nxa6 10. O-O Be7 11. Nbc3 c6 12. Nxd5 cxd5 13. f4 f5 14. g4 O-O 15.
gxf5 Rxf5 16. Ng3 Rf7 17. f5 1/2-1/2

[Event "Seefeld-Casino op 19th"]
[Site "Seefeld/Tirol (5.9.-13.9)"]
[Date "2008.09.05"]
[Round "1.15"]
[White "Kaye, Ferdinand"]
[Black "Lins, Philipp"]
[Result "0-1"]
[WhiteElo "2042"]
[BlackElo "2008"]
[PlyCount "82"]
[EventDate "2008.09.??"]
[EventType "swiss"]
[EventRounds "9"]
[Source "Ganslmayer"]
[SourceDate "2010.03.14"]
[BlackTeamCountry "AUT"]

1. Nf3 d6 2. c4 Nf6 3. d4 c6 4. Nc3 Bg4 5. e4 e6 6. Be2 Be7 7. h3 Bh5 8. O-O
O-O 9. Re1 Na6 10. Be3 Nc7 11. Nd2 Bxe2 12. Qxe2 d5 13. Bf4 dxe4 14. Ndxe4 Nce8
15. Rad1 Nxe4 16. Qxe4 Nf6 17. Qe2 Re8 18. Rd3 Qa5 19. Be5 Rad8 20. Rg3 g6 21.
Re3 Nh5 22. d5 Bc5 23. dxc6 Bxe3 24. Qxe3 f6 25. Bd4 bxc6 26. Bxa7 Qb4 27. g4
Ng7 28. Ne4 Qxb2 29. h4 f5 30. Ng3 e5 31. Qc5 Qxa2 32. Bb6 Rc8 33. gxf5 gxf5
34. h5 Re6 35. h6 Rxh6 36. Qxe5 Re6 37. Qa1 Qxc4 38. Rxe6 Qxe6 39. Bd4 Qg6 40.
Qa2+ Kh8 41. Kf1 f4 0-1

[Event "Seefeld-Casino op 19th"]
[Site "Seefeld/Tirol (5.9.-13.9)"]
[Date "2008.09.05"]
[Round "1.16"]
[White "Becker, Wolfgang(11.58)"]
[Black "Jaenig, Reinhard"]
[Result "0-1"]
[WhiteElo "1778"]
[BlackElo "2110"]
[PlyCount "76"]
[EventDate "2008.09.??"]
[EventType "swiss"]
[EventRounds "9"]
[Source "Ganslmayer"]
[SourceDate "2010.03.14"]
[BlackTeamCountry "AUT"]

1. e4 c5 2. Nc3 e6 3. f4 a6 4. a4 Nc6 5. Bc4 g6 6. Nf3 Bg7 7. O-O Nge7 8. d3
O-O 9. f5 d5 10. Ba2 dxe4 11. f6 Bxf6 12. Nxe4 Bg7 13. Nfg5 Nf5 14. Qe1 h6 15.
Nf3 Ncd4 16. Nxd4 Qxd4+ 17. Kh1 b5 18. Rf3 Bb7 19. c3 Qd8 20. Bf4 c4 21. dxc4
e5 22. Bg3 Nxg3+ 23. Rxg3 bxa4 24. c5 Kh7 25. Rd1 Qe7 26. Nd6 Bc6 27. Qf1 f5
28. Bb1 e4 29. Ba2 f4 30. Rg4 f3 31. Bd5 Bxd5 32. Rxd5 Qe6 33. gxf3 Qxg4 34.
fxg4 Rxf1+ 35. Kg2 Rb1 36. Rd2 e3 37. Re2 Rf8 38. Rxe3 Rxb2+ 0-1

[Event "Seefeld-Casino op 19th"]
[Site "Seefeld/Tirol (5.9.-13.9)"]
[Date "2008.09.05"]
[Round "1.17"]
[White "Breedveld, Andre"]
[Black "Schett, Franz"]
[Result "1-0"]
[WhiteElo "2139"]
[BlackElo "1621"]
[PlyCount "57"]
[EventDate "2008.09.??"]
[EventType "swiss"]
[EventRounds "9"]
[Source "Ganslmayer"]
[SourceDate "2010.03.14"]
[WhiteTeam "NED/Zaandam"]
[BlackTeam "AUT/Innsbruck-HAK Has"]
[WhiteTeamCountry "NED"]
[BlackTeamCountry "AUT"]

1. d4 d5 2. Bf4 c6 3. e3 Nf6 4. c4 Nbd7 5. Nc3 g6 6. Qb3 e6 7. Nf3 Bg7 8. h3
O-O 9. Rd1 Re8 10. Be2 Ne4 11. Nxe4 dxe4 12. Nd2 Qa5 13. Bd6 c5 14. dxc5 f5 15.
Qa3 Qxa3 16. bxa3 Ne5 17. O-O a5 18. Nb3 a4 19. Nd4 Ra6 20. Nb5 Rc6 21. Rd2 Kf7
22. Rb1 Rd8 23. Rbd1 Rd7 24. Na7 h5 25. Nxc6 bxc6 26. Bxe5 Rxd2 27. Rxd2 Bxe5
28. Rd8 Ba6 29. Ra8 1-0

[Event "Seefeld-Casino op 19th"]
[Site "Seefeld/Tirol (5.9.-13.9)"]
[Date "2008.09.05"]
[Round "1.18"]
[White "Russ, Colin A.H."]
[Black "Allgaier, Erik"]
[Result "0-1"]
[WhiteElo "1912"]
[BlackElo "2135"]
[PlyCount "31"]
[EventDate "2008.09.??"]
[EventType "swiss"]
[EventRounds "9"]
[Source "Ganslmayer"]
[SourceDate "2010.03.14"]
[WhiteTeamCountry "NED"]
[BlackTeamCountry "AUT"]

1. d4 g6 2. c4 Bg7 3. Nc3 d6 4. Nf3 e5 5. dxe5 dxe5 6. Qxd8+ Kxd8 7. Bg5+ f6 8.
O-O-O+ Nd7 9. Bh4 g5 10. Bg3 h5 11. h3 Nh6 12. e4 c6 13. Be2 Ke7 14. Nd2 h4 15.
Bh2 Nc5 16. Nb3 0-1

[Event "Seefeld-Casino op 19th"]
[Site "Seefeld/Tirol (5.9.-13.9)"]
[Date "2008.09.05"]
[Round "1.19"]
[White "Santl, Anton"]
[Black "Ganslmayer, Herbert"]
[Result "1-0"]
[WhiteElo "2026"]
[BlackElo "1724"]
[PlyCount "59"]
[EventDate "2008.09.??"]
[EventType "swiss"]
[EventRounds "9"]
[Source "Ganslmayer"]
[SourceDate "2010.03.14"]
[WhiteTeam "München SU"]
[BlackTeam "Zirndorf SK"]

1. Nf3 g6 2. c4 Bg7 3. d4 c6 4. e4 d6 5. g3 Nf6 6. Nc3 O-O 7. Bg2 Nbd7 8. O-O
e5 9. h3 Qc7 10. Be3 Re8 11. Rc1 exd4 12. Nxd4 Nc5 13. Qc2 Ne6 14. Nde2 Bd7 15.
f4 Rac8 16. Qd2 Qb8 17. b4 Rcd8 18. f5 Nf8 19. Bf4 Qc8 20. g4 c5 21. b5 gxf5
22. gxf5 Bxf5 23. exf5 Qxf5 24. Bg5 Qe5 25. Bxb7 Ng6 26. Bc6 Nh5 27. Bxd8 Rxd8
28. Kh1 Qe6 29. Bg2 Nh4 30. Qg5 1-0

[Event "Seefeld-Casino op 19th"]
[Site "Seefeld/Tirol (5.9.-13.9)"]
[Date "2008.09.05"]
[Round "1.20"]
[White "Werner, Bernd(56)"]
[Black "Gatterer, Matthias"]
[Result "0-1"]
[WhiteElo "1721"]
[BlackElo "2081"]
[PlyCount "82"]
[EventDate "2008.09.??"]
[EventType "swiss"]
[EventRounds "9"]
[Source "Ganslmayer"]
[SourceDate "2010.03.14"]

1. e4 e6 2. d4 d5 3. e5 c5 4. c3 Nc6 5. Nf3 Qb6 6. Bd3 cxd4 7. cxd4 Bd7 8. O-O
Nxd4 9. Nxd4 Qxd4 10. Nc3 a6 11. Qe2 Ne7 12. Rd1 Qb6 13. a4 Nc6 14. Kh1 Nb4 15.
f4 Bc5 16. a5 Qc7 17. Na4 Bxa4 18. Rxa4 Nxd3 19. Rxd3 O-O 20. Rc3 Qd7 21. Ra1
Rfc8 22. Bd2 Bf8 23. Rac1 Rxc3 24. Rxc3 Rc8 25. Qd3 Qa4 26. g3 Rxc3 27. Bxc3
Bc5 28. Kg2 Qb3 29. Qd2 Qc4 30. b4 d4 31. bxc5 Qxc3 32. Qa2 Qxc5 33. Kf3 Qc6+
34. Kf2 h6 35. Qb2 Qd5 36. Qb4 Qe4 37. Qc4 Qe3+ 38. Kf1 d3 39. Qc8+ Kh7 40.
Qxb7 Qe2+ 41. Kg1 d2 0-1

[Event "Seefeld-Casino op 19th"]
[Site "Seefeld/Tirol (5.9.-13.9)"]
[Date "2008.09.05"]
[Round "1.21"]
[White "Pregl, Walter"]
[Black "Handl, Hans"]
[Result "1-0"]
[WhiteElo "2257"]
[BlackElo "1759"]
[PlyCount "47"]
[EventDate "2008.09.??"]
[EventType "swiss"]
[EventRounds "9"]
[Source "Ganslmayer"]
[SourceDate "2010.03.14"]
[WhiteTeam "AUT/Absam-Spk"]
[BlackTeam "AUT/Hak-Innsbruck"]
[WhiteTeamCountry "AUT"]
[BlackTeamCountry "AUT"]

1. e4 e5 2. Nf3 Nf6 3. Nxe5 d6 4. Nf3 Nxe4 5. d4 Be7 6. Bd3 Nf6 7. h3 O-O 8.
O-O Nbd7 9. c4 c6 10. Re1 Re8 11. Bf4 b6 12. Nc3 Bb7 13. Qd2 d5 14. cxd5 Nxd5
15. Nxd5 cxd5 16. Rac1 Rc8 17. Rxc8 Bxc8 18. Bxh7+ Kxh7 19. Qc2+ g6 20. Bc7 Bb4
21. Bxd8 Rxd8 22. Rc1 Nf6 23. Qc7 Rf8 24. a3 1-0

[Event "Seefeld-Casino op 19th"]
[Site "Seefeld/Tirol (5.9.-13.9)"]
[Date "2008.09.05"]
[Round "1.22"]
[White "Perkmann, Gottfried"]
[Black "Meertens, Martin"]
[Result "0-1"]
[WhiteElo "1801"]
[BlackElo "2059"]
[PlyCount "110"]
[EventDate "2008.09.??"]
[EventType "swiss"]
[EventRounds "9"]
[Source "Ganslmayer"]
[SourceDate "2010.03.14"]
[WhiteTeamCountry "AUT"]
[BlackTeamCountry "AUT"]

1. e4 c5 2. Nf3 d6 3. d4 cxd4 4. Nxd4 Nf6 5. Nc3 a6 6. Be2 e5 7. Nb3 Be7 8. Be3
Be6 9. h3 Nbd7 10. O-O O-O 11. f4 exf4 12. Rxf4 Rc8 13. Qd2 Ne5 14. Rd1 Nc4 15.
Bxc4 Rxc4 16. Qe2 Qc7 17. Bd4 Nd7 18. Qh5 Ne5 19. Rdf1 b5 20. a3 Ng6 21. R4f2
Bh4 22. Rd2 Bg3 23. Qd1 Rc8 24. Rf3 Be5 25. Rfd3 h6 26. Bxe5 dxe5 27. Rd8+ Rxd8
28. Rxd8+ Kh7 29. Rd6 a5 30. Rd2 b4 31. axb4 axb4 32. Nd5 Qa7+ 33. Kh2 Rxe4 34.
Qg1 Qxg1+ 35. Kxg1 Bxd5 36. Rxd5 Re1+ 37. Kf2 Rb1 38. Rb5 Rxb2 39. Rxb4 Rxc2+
40. Kg3 Nf4 41. Na1 Rxg2+ 42. Kf3 Rh2 43. Rb7 Rxh3+ 44. Ke4 f6 45. Nb3 Ne6 46.
Kd5 Ng5 47. Nc5 Rh1 48. Nd7 Rd1+ 49. Kc6 Kg8 50. Rb8+ Kf7 51. Rf8+ Ke7 52. Rg8
Rd6+ 53. Kb5 Kxd7 54. Rxg7+ Ke6 55. Rg6 Nf7 0-1

[Event "Seefeld-Casino op 19th"]
[Site "Seefeld/Tirol (5.9.-13.9)"]
[Date "2008.09.05"]
[Round "1.23"]
[White "Neubauer, Kai(65)"]
[Black "Duric, Rajko"]
[Result "1-0"]
[WhiteElo "1981"]
[BlackElo "1694"]
[PlyCount "61"]
[EventDate "2008.09.??"]
[EventType "swiss"]
[EventRounds "9"]
[Source "Ganslmayer"]
[SourceDate "2010.03.14"]
[WhiteTeamCountry "AUT"]
[BlackTeamCountry "AUT"]

1. d4 Nf6 2. c4 d6 3. Nc3 e6 4. e4 Be7 5. Nf3 c5 6. d5 e5 7. h3 h6 8. Bd3 O-O
9. Be3 Nh7 10. g4 Ng5 11. Nd2 Nh7 12. Qe2 Bg5 13. Bxg5 Qxg5 14. O-O-O a6 15.
Rdg1 b5 16. h4 Qe7 17. g5 h5 18. Qxh5 g6 19. Qe2 f6 20. h5 Nxg5 21. hxg6 Qg7
22. Qh5 Bd7 23. cxb5 axb5 24. Bxb5 Ra7 25. Bxd7 Rxd7 26. Nf3 Re8 27. Nxg5 fxg5
28. Rxg5 Kf8 29. Rf5+ Kg8 30. Rf7 Rxf7 31. gxf7+ 1-0

[Event "Seefeld-Casino op 19th"]
[Site "Seefeld/Tirol (5.9.-13.9)"]
[Date "2008.09.05"]
[Round "1.24"]
[White "Dallmeier, Gerhard"]
[Black "Voss, Ingo"]
[Result "0-1"]
[WhiteElo "1693"]
[BlackElo "2019"]
[PlyCount "64"]
[EventDate "2008.09.??"]
[EventType "swiss"]
[EventRounds "9"]
[Source "Ganslmayer"]
[SourceDate "2010.03.14"]
[WhiteTeamCountry "AUT"]
[BlackTeamCountry "AUT"]

1. e4 c5 2. Nf3 e6 3. d4 cxd4 4. Nxd4 Bc5 5. Nb3 Bb6 6. Bd3 Ne7 7. O-O O-O 8.
Kh1 Nbc6 9. f4 d5 10. e5 f6 11. Qh5 g6 12. Qe2 fxe5 13. fxe5 Rxf1+ 14. Qxf1
Nxe5 15. Nc3 Ng4 16. Nd1 Qd6 17. Bf4 e5 18. Bg3 Nf5 19. Bxf5 gxf5 20. h3 f4 21.
Bh2 Nf6 22. Nf2 Bf5 23. c3 Kh8 24. Rd1 Rg8 25. Nd2 Qe6 26. Re1 Bxf2 27. Qxf2
Ne4 28. Qe2 Nxd2 29. Qxd2 Be4 30. Bxf4 exf4 31. Qd4+ Rg7 32. Kg1 Qb6 0-1

[Event "Seefeld-Casino op 19th"]
[Site "Seefeld/Tirol (5.9.-13.9)"]
[Date "2008.09.05"]
[Round "1.25"]
[White "Lundberg, Roland"]
[Black "Kliem, Klaus-Peter"]
[Result "1-0"]
[WhiteElo "2045"]
[BlackElo "1662"]
[PlyCount "71"]
[EventDate "2008.09.??"]
[EventType "swiss"]
[EventRounds "9"]
[Source "Ganslmayer"]
[SourceDate "2010.03.14"]
[WhiteTeam "SWE (Schweden)"]
[BlackTeam "Oeffingen Sfr."]
[WhiteTeamCountry "SWE"]

1. c4 Nf6 2. Nc3 g6 3. e4 d6 4. d4 Bg7 5. Nf3 O-O 6. Be2 Nbd7 7. Be3 c5 8. d5
Ng4 9. Bg5 h6 10. Bh4 Nge5 11. Nd2 g5 12. Bg3 Ng6 13. Qc2 Nde5 14. Nf3 f5 15.
Nxe5 Nxe5 16. Bxe5 Bxe5 17. Bd3 f4 18. f3 a6 19. h4 g4 20. fxg4 Bxg4 21. Be2 h5
22. O-O-O Qe8 23. Rdf1 Bxe2 24. Nxe2 b5 25. Qd2 Qg6 26. Qc2 bxc4 27. Qxc4 Rab8
28. Nc3 Rb4 29. Qd3 Rfb8 30. g3 Bxc3 31. Qxc3 fxg3 32. Rf5 Qh6+ 33. Rg5+ Kh7
34. Rf1 Rf8 35. Rxf8 Qxf8 36. Rxh5+ 1-0

[Event "Seefeld-Casino op 19th"]
[Site "Seefeld/Tirol (5.9.-13.9)"]
[Date "2008.09.05"]
[Round "1.26"]
[White "Bretscher, Robert"]
[Black "Willin, Bernhard"]
[Result "1/2-1/2"]
[WhiteElo "1546"]
[BlackElo "1749"]
[PlyCount "26"]
[EventDate "2008.09.??"]
[EventType "swiss"]
[EventRounds "9"]
[Source "Ganslmayer"]
[SourceDate "2010.03.14"]
[WhiteTeamCountry "SWE"]

1. e4 c6 2. Nf3 d5 3. exd5 cxd5 4. d4 Bf5 5. Bd3 Bxd3 6. Qxd3 Nf6 7. O-O e6 8.
c3 Bd6 9. Bg5 Nbd7 10. Re1 O-O 11. Nbd2 Rc8 12. Ne5 a6 13. Ndf3 Qc7 1/2-1/2